00443nam a22001457a 4500003001200000005001700012008004100029020001500070040001200085082001500097100002100112245012600133260001100259650002700270NUST - PNEC20170116181141.0151008b xxu||||| |||| 00| 0 eng d a0071457798 cLIBRARY a650.11 ZEI aZeigler, Kenneth aGetting organized at work : 24 lessons to set goals, establish priorities, and manage your timecKenneth Zeigler, Kenneth cc2005. aOffice managementxIME